| 000 | 00607nam a22001937a 4500 | ||
|---|---|---|---|
| 999 |
_c254713 _d254712 |
||
| 003 | OSt | ||
| 005 | 20221005123539.0 | ||
| 008 | 160704b xxu||||| |||| 00| 0 eng d | ||
| 010 | _a2011937545 | ||
| 020 | _a9781111837488 | ||
| 020 | _a1111837481 | ||
| 040 |
_cDLC _aDLC _bEng _erda |
||
| 050 |
_aBF121 _b.W38 2001 |
||
| 100 | _aWayne Weiten | ||
| 245 |
_aPsychology: _bThemes and variations _cWayne Weiten ; [edited by] Jon-David Hague, Trina Tom, Kristin Makarewyck. |
||
| 250 |
_a9th Ed.. _bAdapted International Student Ed. |
||
| 260 |
_aBelmont, CA : _b Cengage/Wadsworth, _c2013 |
||
| 942 |
_2lcc _cBK |
||